Catálogo
 En Linea

Identidades de la población de origen jamaiquino en el Caribe costarricense : (Registro nro. 19964)

Detalles MARC
000 -CABECERA
campo de control de longitud fija 01231nam a2200229 u 4500
001 - NÚMERO DE CONTROL
campo de control 000020460
005 - FECHA Y HORA DE LA ÚLTIMA TRANSACCIÓN
campo de control 20200930011121.0
008 - DATOS DE LONGITUD FIJA--INFORMACIÓN GENERAL
campo de control de longitud fija 100813s2015 dr ac r 000 0 spa d
020 ## - NÚMERO INTERNACIONAL ESTÁNDAR DEL LIBRO
Número Internacional Estándar del Libro 9789945083811
040 ## - FUENTE DE LA CATALOGACIÓN
Centro catalogador/agencia de origen DO-SdBNP
Lengua de catalogación spa
Centro/agencia transcriptor BNPHU
082 ## - NÚMERO DE LA CLASIFICACIÓN DECIMAL DEWEY
Número de clasificación xxxx
Número de documento/Ítem R789i
100 1# - ENTRADA PRINCIPAL--NOMBRE DE PERSONA
Nombre de persona Rosario Fernández, Reina Cristina
9 (RLIN) 43140
245 10 - MENCIÓN DE TÍTULO
Título Identidades de la población de origen jamaiquino en el Caribe costarricense :
Resto del título (Segunda mitad del siglo xx) /
Mención de responsabilidad, etc. Reina Cristina Rosario Fernández.
260 ## - PUBLICACIÓN, DISTRIBUCIÓN, ETC.
Lugar de publicación, distribución, etc. Santo Domingo :
Nombre del editor, distribuidor, etc. Cocolo,
Fecha de publicación, distribución, etc. 2015.
300 ## - DESCRIPCIÓN FÍSICA
Extensión 453 p. :
Otras características físicas il., retrs. ;
Dimensiones 24 cm.
500 ## - NOTA GENERAL
Nota general Incluye índices
500 ## - NOTA GENERAL
Nota general Incluye datos biográficos del autor en la solapa de la cubierta
500 ## - NOTA GENERAL
Nota general Incluye referencias bibliográficas y notas al pie de las páginas
504 ## - NOTA DE BIBLIOGRAFÍA, ETC.
Nota de bibliografía, etc. Bibliografía : p. 405-435
505 0# - NOTA DE CONTENIDO CON FORMATO
Título Capítulo 1--
Información miscelánea Orígenes de la comunidad jamaiquina del Caribe costarricense ; los primeros discursos identitarios (1872-1950) --
Título Capítulo 2 --
Información miscelánea Contexto sociopolítico de la provincia de Limón en la segunda mitad del siglo xx --
Título Capítulo 3 --
Información miscelánea Desde la ciudadanía a la identidad negociad, 1950-1970 --
Título Capítulo 4 --
Información miscelánea Los y las afrocostarricenses 1970-2000.
590 ## - NOTA LOCAL (RLIN)
Nota local Inventariado, 2019/BT
Existencias
Estado de retiro Estado de pérdida Restricciones de uso No para préstamo Código de colección Localización permanente Ubicación/localización actual Ubicación en estantería Fecha de adquisición Número de inventario Total de préstamos Signatura topográfica completa Código de barras Fecha visto por última vez Número de copia Precio válido a partir de Tipo de ítem Koha
        Dominicana de Servicio General General Depósito 24.05.2017 LF1   xxxx R789i 20460-30 25.06.2020 e. 3 25.06.2020 Libro y Folleto Colección Dominicana de Servicio
        Dominicana de Servicio General General Depósito 08.04.2019 LF1   xxxx R789i 20460-40 25.06.2020 e. 4 25.06.2020 Libro y Folleto Colección Dominicana de Servicio
        Dominicana de Servicio General General Depósito 08.04.2019 LF1   xxxx R789i 20460-50 25.06.2020 e. 5 25.06.2020 Libro y Folleto Colección Dominicana de Servicio
      Excluido de préstamo Patrimonio Dominicano Patrimonio Dominicano Patrimonio Dominicano Depósito 24.05.2017 LF1   xxxx R789i 20460-10 25.06.2020   25.06.2020 Libro y Folleto Colección Patrimonio Dominicano
      Excluido de préstamo Patrimonio Dominicano Patrimonio Dominicano Patrimonio Dominicano Depósito 24.05.2017 LF1   xxxx R789i 20460-20 25.06.2020 e. 2 25.06.2020 Libro y Folleto Colección Patrimonio Dominicano

Con tecnología Koha